Tackling the mess of CPO (Record no. 66827)
[ view plain ]
| 000 -LEADER | |
|---|---|
| fixed length control field | 00944cam a2200217 4500 |
| 001 - CONTROL NUMBER | |
| control field | ABS63840 |
| 008 - FIXED-LENGTH DATA ELEMENTS--GENERAL INFORMATION | |
| fixed length control field | 000000n2001 000 0 eng u |
| 035 ## - SYSTEM CONTROL NUMBER | |
| System control number | (Sirsi) u112210 |
| 100 ## - MAIN ENTRY--PERSONAL NAME | |
| Personal name | Carnworth, R. |
| 245 ## - TITLE STATEMENT | |
| Title | Tackling the mess of CPO |
| 260 ## - PUBLICATION, DISTRIBUTION, ETC. | |
| Date of publication, distribution, etc. | 2001 |
| 490 ## - SERIES STATEMENT | |
| Series statement | Estates Gazette |
| Volume/sequential designation | (0015) 14 April 2001, 127(1) |
| 520 ## - SUMMARY, ETC. | |
| Summary, etc. | Describes the new legislation intended to reform the law of compulsory purchase and compensation. In July 2000, a review was carried out by the DETR and in December a small working group was formed. It is thought that this will provide a modern, comprehensive code. A scoping study on the report is available at http://www.lawcom.gov.uk |
| 590 ## - LOCAL NOTE (RLIN) | |
| Local note | ABS |
| 650 ## - SUBJECT ADDED ENTRY--TOPICAL TERM | |
| Topical term or geographic name entry element | COMPULSORY PURCHASE REFORM |
| 650 ## - SUBJECT ADDED ENTRY--TOPICAL TERM | |
| Topical term or geographic name entry element | LAW COMMISSION |
| 650 ## - SUBJECT ADDED ENTRY--TOPICAL TERM | |
| Topical term or geographic name entry element | DETR |
| 650 ## - SUBJECT ADDED ENTRY--TOPICAL TERM | |
| Topical term or geographic name entry element | WORKING GROUP |
| 690 ## - LOCAL SUBJECT ADDED ENTRY--TOPICAL TERM (OCLC, RLIN) | |
| Topical term or geographic name as entry element | ENVIRONMENTAL AND LAND CONSULTANCY-PLANNING AND DEVELOPMENT-COMPULSORY PURCHASE AND COMPENSATION |
| 942 ## - ADDED ENTRY ELEMENTS (KOHA) | |
| Suppress in OPAC | 0 |
| Withdrawn status | Lost status | Source of classification or shelving scheme | Damaged status | Not for loan | Home library | Current library | Shelving location | Date acquired | Total Checkouts | Full call number | Barcode | Date last seen | Copy number | Price effective from | Koha item type |
|---|---|---|---|---|---|---|---|---|---|---|---|---|---|---|---|
| Dewey Decimal Classification | London | London | Journal article | 27/04/2001 | ABS63840 | 112210-1001 | 06/08/2019 | 1 | 06/08/2019 | Journal article |